Úroda príloha pre slovenských poľnohospodárskych robotníkov v Nemecku
Týždenník pre slovenských poľnohospodárskych robotníkov v Nemecku
| Korporatívny autor: | |
|---|---|
| Médium: | Časopis |
| Jazyk: | slovenčina |
| Fyzický popis: | 4 roč. 45 x 30 cm |
| Vydavateľské údaje: |
Bratislava
[s.n.]
1942-23/III 1943
Bratislava Berlín |
| Predmet: |
MARC
| LEADER | 00000nas a22000001a 4500 | ||
|---|---|---|---|
| 001 | vtls010300576 | ||
| 003 | SK-MaSNL | ||
| 005 | 20260228162455.0 | ||
| 008 | 110810d19421944xo wr p r 0 b0slo | ||
| 015 | |a SNBDS17XX9999 | ||
| 015 | |a 0675 |2 Fedor 1939-44 | ||
| 038 | |a SNKBUDS | ||
| 040 | |a SNK |b slo |c SNK |e AACR2 | ||
| 041 | 0 | |a slo | |
| 044 | |a xo |a gw |c SK |c DE | ||
| 245 | 0 | 0 | |a Úroda |b príloha pre slovenských poľnohospodárskych robotníkov v Nemecku |
| 260 | |a Bratislava |b [s.n.] |c 1942-23/III 1943 | ||
| 260 | 3 | |3 24/III 1943-1944 |a Bratislava |a Berlín |b [s.n.] | |
| 300 | |a 4 roč. |c 45 x 30 cm | ||
| 310 | |a 1x týždenne | ||
| 362 | 0 | |a Roč. I, č. 1 (1942)-roč. IV, č. 48 (3.12.1944) | |
| 500 | |a Zmena podnázvu: od 43/III (1943) Slovenský poľnohospodár v Ríši | ||
| 500 | |a Vych. v Berlíne; (od 24/III) v Bratislave - Berlíne týždenne | ||
| 500 | |a Tlač. (Deutsche Verlag) | ||
| 500 | |a Vych. do 3. 12. 1944 | ||
| 500 | |a Vychádzal najprv samostatne, potom, keďže neuspokojoval, prevzal ho Slovenský týždeň a vychádzal ako priebežne stránkovaná príloha | ||
| 505 | 8 | 0 | |g Roč. I. 1942 14 čís. po 4 s. |
| 505 | 8 | 0 | |g Roč. II. 1943 16 čís. po 4 s. |
| 505 | 8 | 0 | |g Roč. III. 1943 (9 čís.) čís. 37-45. po 1 s. priebežne so Slov. týždňom |
| 505 | 8 | 0 | |g Roč. IV. 1944 48 čís. po 1 s. priebežne so Slov. týždňom |
| 520 | |a Týždenník pre slovenských poľnohospodárskych robotníkov v Nemecku | ||
| 650 | 0 | 7 | |a poľnohospodárstvo |2 SNKPH |9 679 |
| 655 | 7 | |a odborné časopisy |2 SNKBUDS |9 70505 | |
| 710 | 2 | |a Deutsche Verlag |e tlač. |9 271180 | |
| 772 | 0 | |t Slovenský týždeň | |
| 852 | |a SNK |b 10000 |h ČSA 367 | ||
| 852 | |a UKB |b 300000 |h SAA 122 | ||
| 999 | |c 7928 |d 9858 | ||


